The Cambridge Apostles : (Record no. 620034)

MARC details
000 -LEADER
fixed length control field 00520nam a2200193 a 4500
008 - FIXED-LENGTH DATA ELEMENTS--GENERAL INFORMATION
fixed length control field 260427s2010##################000#0#eng##
020 ## - INTERNATIONAL STANDARD BOOK NUMBER
ISBN 9780521142540
082 04 - DEWEY DECIMAL CLASSIFICATION NUMBER
Classification number 378.42659
Item number ALL
100 1# - MAIN ENTRY--AUTHOR NAME
Personal name Allen, Peter,
245 10 - TITLE STATEMENT
Title The Cambridge Apostles :
260 ## - PUBLICATION, DISTRIBUTION, ETC. (IMPRINT)
Name of publisher Cambridge University Press,
Year of publication 2010.
300 ## - PHYSICAL DESCRIPTION
Number of Pages 292 pages
650 #0 - SUBJECT ADDED ENTRY--TOPICAL TERM
Topical Term Biography & Autobiography.
942 ## - ADDED ENTRY ELEMENTS (KOHA)
Koha item type English Books
Holdings
Withdrawn status Lost status Damaged status Not for loan Home library Current library Shelving location Date acquired Full call number Accession Number Price effective from Koha item type
        Anna Centenary Library Anna Centenary Library 4TH FLOOR, B WING 27.04.2026 378.42659 ALL 232676 27.04.2026 English Books

Find us on the map